000
00284nam a2200133Ia 4500
008
231129s1971||||xx |||||||||||||| ||spa||
040
_b
spa
082
_a
F843 S594h
100
_a
Simon Claude
245
0
_a
Historia
260
_c
1971
264
_a
Seix Barral
942
_2
ddc
_c
BKS
999
_c
15044
_d
15044